Values education in Malaysian schools : facing the challenges of government policy in vision 2020 /
Saved in:
| Main Author: | |
|---|---|
| Format: | Thesis Book |
| Language: | English |
| Published: |
2000.
|
| Subjects: | |
| Tags: |
Add Tag
No Tags, Be the first to tag this record!
|
| LEADER | 00908cam a2200253 a 4500 | ||
|---|---|---|---|
| 001 | u481473 | ||
| 003 | SIRSI | ||
| 008 | 970729s2000 v 00 1 eng m | ||
| 035 | |a ACP-1948 | ||
| 040 | |a UMM | ||
| 043 | |a a-my--- | ||
| 090 | |a LC315 |b M4Wanhwm | ||
| 100 | 0 | 0 | |a Wan Hasmah Wan Mamat. |
| 245 | 1 | 0 | |a Values education in Malaysian schools : |b facing the challenges of government policy in vision 2020 / |c Wan Hasmah Wan Mamat. |
| 260 | |c 2000. | ||
| 300 | |a xii, 287 leaves [append.] : |b ill. ; |c 29 cm. | ||
| 502 | |a Thesis (Ph.D.) -- Faculty of Education, Monash University, 2000. | ||
| 504 | |a Bibliography :leaves 255-269 | ||
| 650 | 0 | |a Moral education |z Malaysia. | |
| 650 | 0 | |a Values |x Study and teaching |z Malaysia | |
| 650 | 0 | |a Schools |z Malaysia | |
| 948 | |a 12/05/2001 |b 29/03/2004 | ||
| 596 | |a 1 | ||
| 999 | |a LC315 M4WANHWM |w LC |c 1 |i A510576040 |d 4/12/2014 |e 4/12/2014 |l STACKS |m P01UTAMA |n 55 |r Y |s Y |t TESIS |u 6/3/2002 | ||
